000 00954njm a22002777a 4500
005 20100916144431.0
007 sd ammalaaahaa
008 100913t xxu||||| |||| 00| 0 hin d
028 _a2310 581
_bOASIS
035 _aGR-02867
040 _aSED
_cSED
100 _aGlorgio
_91184
245 _aFrom here to eternity /
_cby Giorgio
_h[sound recording] :
260 _aDum Dum India
_bOASIS
300 _a1 sound disc [Gramophone record] :
_banalog, 33 1/3 rpm
_c12.5 in. (LP)
_fGramophone Record
440 _920306
500 _aBrief Record
500 _aRecord label :OASIS, Red
505 _aSide-1 (First hand experience in second hand love) (G Morder) Side-२ (Faster than the speed) (G Moroder)
600 _aGiorgio
_919992
650 _aEnglish Film Songs
_xExcerpts
_zIndia
_919603
650 _920294
700 _920353
942 _2ddc
_cGR
999 _c46234
_d46234